The Yeast Connection Handbook /

保存先:
書誌詳細
第一著者: Crook, William G. (autor)
フォーマット: 図書
言語:英語
出版事項: Jackson, EUA : Professional Books, 2001, c2001
主題:
タグ: タグ追加
タグなし, このレコードへの初めてのタグを付けませんか!

MARC

LEADER 00000nam^a2200000^a^4500
001 000187811
005 20250521000000.0
009 20260310102314.222
020 |a 0-933478-24-0 
037 |a Acervo ITESO - Biblioteca 
041 |a ING 
082 |a 616. 969  |b CRO 
100 |a Crook, William G.  |e (autor) 
245 1 4 |a The Yeast Connection Handbook /  |c W.G. Crook ; il. de Cynthia Crook. 
264 4 |a Jackson, EUA :  |b Professional Books,  |c 2001, c2001 
300 |a XII, 275 p. 
336 |a texto  |b txt  |2 rdacontenido 
337 |a sin mediación  |b n  |2 rdamedio 
338 |a volumen  |b nc  |2 rdasoporte 
649 |a XX 
650 |a Enfermedades Infecciosas -  |x Causas 
650 |a Infecciones 
650 |a Levadura 
650 |a Hongos Patógenos 
650 |a Parásitos 
650 |a Microorganismos 
650 |a Dietas para Enfermos 
650 |a Nutrición 
650 |a Micología Médica 
650 |a Microbiología Médica 
650 |a Química Farmacéutica 
650 |a Bioquímica 
650 |a Bioquímica 
650 |a Biología Médica 
650 |a Medicina 
650 |a Ciencias Médicas 
910 |a Fondo General 
920 |a Impresos - Libros 
930 |a Colección General 
905 |a 101 
901 |a 0500130046  |b IT1  |c ACC  |u 20250521 
902 |a https://opac.biblio.iteso.mx/vufind/Record/000187811